Đánh giá chất lượng nước mặt mùa khô & đầu mùa mưa và khảo sát sự hấp thu N, P, Al, Fe của cây rau dừa trâu tại khu A1 vườn quốc gia tràm chim : Luận văn thạc sĩ khoa học môi trường

Góp phần vào công tác bảo vệ chất lượng nguồn nước mặt và bảo tồn đa dạng sinh học tại VQG Tràm Chim

Đã lưu trong:
書目詳細資料
主要作者: Phạm, Thị Vân Trâm
格式: 圖書
語言:Undetermined
出版: Cần Thơ Trường Đại học Cần Thơ 2012
主題:
標簽: 添加標簽
沒有標簽, 成為第一個標記此記錄!
Thư viện lưu trữ: Trung tâm Học liệu Trường Đại học Cần Thơ
LEADER 01102nam a2200217Ia 4500
001 CTU_175346
008 210402s9999 xx 000 0 und d
082 |a 333.9115 
082 |b Tr120 
088 |a 60440301 
100 |a Phạm, Thị Vân Trâm 
245 0 |a Đánh giá chất lượng nước mặt mùa khô & đầu mùa mưa và khảo sát sự hấp thu N, P, Al, Fe của cây rau dừa trâu tại khu A1 vườn quốc gia tràm chim : 
245 0 |b Luận văn thạc sĩ khoa học môi trường 
245 0 |c Phạm Thị Vân Trâm ; Trương Thị Nga (Hướng dẫn khoa học) 
260 |a Cần Thơ 
260 |b Trường Đại học Cần Thơ 
260 |c 2012 
520 |a Góp phần vào công tác bảo vệ chất lượng nguồn nước mặt và bảo tồn đa dạng sinh học tại VQG Tràm Chim 
650 |a Water quality management,Quản lý chất lượng nước 
904 |i mai,Hải 
980 |a Trung tâm Học liệu Trường Đại học Cần Thơ